[Event "Reykjavik Hrokurinn"]
[Site "Reykjavik"]
[Date "2003.02.22"]
[Round "5"]
[White "Bacrot, Etienne"]
[Black "Macieja, Bartlomiej"]
[Result "1/2-1/2"]
[WhiteElo "2671"]
[BlackElo "2629"]
[PlyCount "45"]
[EventDate "2003.02.18"]
[Source "ChessBase"]
[SourceDate "2003.05.26"]

1. e4 c5 2. Nf3 g6 3. d4 cxd4 4. Nxd4 Nc6 5. c4 Nf6 6. Nc3 d6 7. Nc2 Bg7 8. Be2 O-O 9. O-O Nd7 10. Bd2 Nc5 11. b4 Ne6 12. Rc1 Ned4 13. Nxd4 Nxd4 14. Nd5 e6 15. Ne3 a5 16. bxa5 Bd7 17. Bb4 Rxa5 18. Bxa5 Qxa5 19. Bd3 Qxa2 20. Ra1 Qb3 21. Rb1 Qxd1 22. Re1 Qxb1 23. Rxb1 1/2-1/2

[Event "It"]
[Site "?"]
[Date "1997.??.??"]
[Round "2"]
[White "Kortschnoj Viktor"]
[Black "Andersson Ulf"]
[Result "1/2-1/2"]
[WhiteElo "2635"]
[BlackElo "2655"]
[PlyCount "24"]
[EventDate "1997.??.??"]
[Source "www.chesslib.no"]
[SourceDate "2004.05.04"]

1. c4 c5 2. Nf3 g6 3. d4 cxd4 4. Nxd4 Nc6 5. e4 Nf6 6. Nc3 d6 7. Nb3 Bg7 8. Be2 O-O 9. f4 Be6 10. Nd5 Nxd5 11. Kf2 Re8 12. Kf3 a5 1/2-1/2

[Event "Linares (m/4)"]
[Site "?"]
[Date "1993.??.??"]
[Round "?"]
[White "Illescas Cordoba, M."]
[Black "Ljubojevic, Lj"]
[Result "1/2-1/2"]
[WhiteElo "2625"]
[BlackElo "2595"]
[PlyCount "163"]
[EventDate "1993.??.??"]
[Source "ChessBase"]
[SourceDate "1993.06.01"]

1. Nf3 c5 2. c4 g6 3. d4 cxd4 4. Nxd4 Nf6 5. Nc3 Nc6 6. Nc2 Bg7 7. e4 O-O 8. Be2 d6 9. O-O Nd7 10. Bd2 Nc5 11. b4 Ne6 12. Rb1 a5 13. a3 axb4 14. axb4 Ncd4 15. Bd3 Bd7 16. Nxd4 Nxd4 17. Qc1 e6 18. Bh6 Bxh6 19. Qxh6 Qf6 20. Qc1 Qg7 21. Rd1 Rfc8 22. Bf1 Ba4 23. Nxa4 Rxa4 24. Qb2 e5 25. Ra1 Raa8 26. Ra5 Qf8 27. Rda1 Rxa5 28. Rxa5 Qe7 29. Ra7 Nc6 30. Ra1 Qh4 31. Bd3 Nd4 32. h3 h5 33. Ra7 Qe7 34. Qd2 Kg7 35. Bf1 Nc6 36. Ra3 Rd8 37. Ra4 Qc7 38. Qe3 Nd4 39. h4 Qc6 40. Ra2 Qb6 41. Qa3 Nc6 42. Rb2 Qd4 43. b5 Ne7 44. Bd3 Ng8 45. Rc2 Nf6 46. Qc3 Qxc3 47. Rxc3 Ra8 48. c5 Ra1+ 49. Kh2 dxc5 50. b6 c4 51. Bc2 Ra6 52. Rxc4 Rxb6 53. f3 Rc6 54. Rxc6 bxc6 55. Kg3 Kf8 56. f4 exf4+ 57. Kxf4 Ke7 58. Ba4 c5 59. Bb5 Nd7 60. e5 Nb6 61. Ke4 c4 62. Kd4 Ke6 63. Bc6 Kf5 64. Be8 Ke6 65. Bc6 c3 66. Kxc3 Kxe5 67. Kd3 Nc8 68. Ke2 Nd6 69. g3 Ne4 70. Kf3 f5 71. Be8 Kf6 72. Bc6 Nc5 73. Kg2 Ne6 74. Be8 Ng7 75. Bc6 Ke7 76. Bb5 Ne6 77. Bc6 Nd8 78. Bb5 Nf7 79. Kf3 Kf6 80. Be8 Ne5+ 81. Kf4 Nd3+ 82. Kf3 1/2-1/2

[Event "Corr"]
[Site "?"]
[Date "1999.06.30"]
[Round "?"]
[White "Kofidis Spyros (GRC)"]
[Black "Sloth Jorn"]
[Result "0-1"]
[WhiteElo "2592"]
[BlackElo "2610"]
[PlyCount "90"]
[EventDate "1999.??.??"]
[Source "www.chesslib.no"]
[SourceDate "2004.05.04"]

1. e4 c5 2. Nf3 Nc6 3. d4 cxd4 4. Nxd4 g6 5. c4 Nf6 6. Nc3 d6 7. Nc2 Bg7 8. Be2 O-O 9. Be3 b6 10. O-O Bb7 11. Qd2 Qc8 12. f3 Rd8 13. Rfd1 Rd7 14. Rac1 Qf8 15. b4 e6 16. b5 Ne5 17. Nb4 Rc8 18. Na4 Rdc7 19. a3 Ne8 20. Nb2 f5 21. exf5 gxf5 22. Rc2 Qf7 23. a4 Qg6 24. Kh1 Qf6 25. Rdc1 Nd7 26. N4d3 Nc5 27. Nxc5 dxc5 28. Rd1 e5 29. a5 f4 30. Bf2 e4 31. fxe4 Bxe4 32. Bd3 Ba8 33. Na4 Bh6 34. Qe1 Re7 35. Qc3 Qg5 36. Bf1 Qg4 37. Rcd2 f3 38. Rd5 Bxd5 39. Rxd5 Rf7 40. Rd3 Bg7 41. Qc2 Qg6 42. Rd2 Qh6 43. Bg1 Be5 44. gxf3 Ng7 45. Rg2 Kh8 0-1

[Event "Teeside"]
[Site "Teeside"]
[Date "1972.??.??"]
[Round "10"]
[White "Portisch, Lajos"]
[Black "Gheorghiu, Florin"]
[Result "1-0"]
[WhiteElo "2630"]
[BlackElo "2530"]
[PlyCount "83"]
[EventDate "1972.??.??"]
[Source "ChessBase"]

1. Nf3 c5 2. c4 g6 3. d4 cxd4 4. Nxd4 Nc6 5. e4 Nf6 6. Nc3 d6 7. Nc2 Bg7 8. Be2 Nd7 9. Be3 Nc5 10. Nd4 O-O 11. O-O Nxd4 12. Bxd4 Be6 13. Bxg7 Kxg7 14. Qd4+ f6 15. Rad1 a5 16. Nd5 Bf7 17. Bg4 Re8 18. Rfe1 e5 19. Qe3 Bxd5 20. Rxd5 Ra6 21. b3 Rc6 22. Qd2 Rf8 23. g3 Qb6 24. Re3 Rd8 25. Kg2 Qb4 26. Qd1 Qb6 27. a3 h5 28. Bh3 a4 29. b4 Nb3 30. c5 Qa6 31. g4 Nd4 32. gxh5 g5 33. h6+ Kxh6 34. Rxd4 exd4 35. Qxd4 Rf8 36. Bf5 Kg7 37. Rh3 Rf7 38. Qd5 Rcc7 39. cxd6 Rcd7 40. Rh7+ Kf8 41. Rxf7+ Rxf7 42. d7 1-0

[Event "RUS"]
[Site "?"]
[Date "2006.04.20"]
[Round "1"]
[White "Khismatullin Denis"]
[Black "Savchenko Boris"]
[Result "0-1"]
[WhiteElo "2584"]
[BlackElo "2568"]
[PlyCount "96"]
[EventDate "2006.??.??"]
[Source "www.chesslib.no"]
[SourceDate "2004.05.04"]

1. c4 c5 2. Nf3 g6 3. d4 cxd4 4. Nxd4 Bg7 5. e4 Nf6 6. Nc3 Nc6 7. Nc2 d6 8. Be2 O-O 9. O-O Nd7 10. Bd2 b6 11. Re1 Bb7 12. Bf1 a6 13. Rc1 Rc8 14. Bg5 h6 15. Bh4 Nc5 16. Qd2 Ne6 17. Ne3 Ncd4 18. Ncd5 Ng5 19. Bxg5 hxg5 20. e5 Nc6 21. exd6 e6 22. d7 Rb8 23. Nb4 Nxb4 24. Qxb4 Qxd7 25. Red1 Qc7 26. c5 Qe7 27. Qxb6 Bxg2 28. Bxg2 Rxb6 29. cxb6 Be5 30. b7 Rb8 31. Rc8+ Kg7 32. Nc4 Bf4 33. Rxb8 Bxb8 34. b3 e5 35. Nb6 Qc7 36. Nd7 Ba7 37. b4 e4 38. Bxe4 Qf4 39. Bg2 Qg4 40. Rd3 Qxb4 41. Rd1 Qg4 42. Rd2 Qf4 43. Rd1 Qxf2+ 44. Kh1 Qxa2 45. Rf1 Qb2 46. Nf6 g4 47. Bd5 Qe2 48. Bg2 a5 0-1

[Event "Garmisch"]
[Site "Garmisch"]
[Date "1994.??.??"]
[Round "5"]
[White "Stangl, Markus"]
[Black "Kortschnoj, Viktor"]
[Result "1-0"]
[WhiteElo "2535"]
[BlackElo "2615"]
[PlyCount "63"]
[EventDate "1994.??.??"]
[Source "ChessBase"]

1. c4 c5 2. Nf3 g6 3. d4 cxd4 4. Nxd4 Nc6 5. e4 Nf6 6. Nc3 d6 7. Nc2 Bg7 8. Be2 Nd7 9. O-O Bxc3 10. bxc3 Nc5 11. f3 Qa5 12. Qe1 Be6 13. Bh6 Na4 14. Bg7 Rg8 15. Bd4 O-O-O 16. Nb4 Kb8 17. f4 Nxd4 18. cxd4 Qb6 19. Qd2 Ka8 20. f5 gxf5 21. exf5 Bc8 22. Nd5 Qc6 23. Bf3 Qd7 24. Rab1 e6 25. Nf6 Qc7 26. Nxg8 Rxg8 27. Rfc1 e5 28. Qb4 Qd7 29. c5 dxc5 30. dxc5 Qd4+ 31. Kh1 Kb8 32. Rc4 1-0

[Event "37th Rilton Cup"]
[Site "Stockholm SWE"]
[Date "2008.01.04"]
[Round "8"]
[White "Kulaots, K."]
[Black "Berg, E."]
[Result "1/2-1/2"]
[WhiteElo "2547"]
[BlackElo "2593"]
[PlyCount "107"]
[EventDate "2007.12.27"]
[Source "www.chesslib.no"]
[SourceDate "2004.05.04"]

1. d4 Nf6 2. c4 c5 3. Nf3 cxd4 4. Nxd4 Nc6 5. Nc3 g6 6. e4 d6 7. Nc2 Bg7 8. Be2 O-O 9. O-O Nd7 10. Bd2 Nc5 11. b4 Ne6 12. Rc1 a5 13. b5 Ncd4 14. Nxd4 Bxd4 15. Nd5 b6 16. Bh6 Bg7 17. Bxg7 Kxg7 18. f4 Bb7 19. f5 Bxd5 20. cxd5 Nc5 21. Qd4+ f6 22. Rc3 Rg8 23. fxg6 hxg6 24. a4 Rh8 25. Bg4 Rh4 26. h3 Qh8 27. Rg3 Kh7 28. Re3 Qg7 29. g3 Rh6 30. Kg2 Ra7 31. Rf2 Rc7 32. Qd1 Kh8 33. h4 Rh7 34. Qd4 Ra7 35. Re1 f5 36. Qxg7+ Rxg7 37. exf5 Nd3 38. Re6 Nxf2 39. Kxf2 gxf5 40. Bxf5 Rf7 41. g4 Rc7 42. Ke3 Rc3+ 43. Kf4 Rc5 44. h5 Rxd5 45. h6 Rd4+ 46. Kg5 Rxa4 47. Bg6 Rf6 48. Rxe7 Rxg6+ 49. Kxg6 Rxg4+ 50. Kf5 Rg1 51. Rb7 a4 52. Rxb6 Kh7 53. Ra6 Rb1 54. Rxa4 1/2-1/2

[Event "35th World Open"]
[Site "King of Prussia USA"]
[Date "2007.06.02"]
[Round "5"]
[White "Predojevic, B."]
[Black "Perelshteyn, E."]
[Result "1/2-1/2"]
[WhiteElo "2609"]
[BlackElo "2531"]
[PlyCount "57"]
[EventDate "2007.06.30"]
[Source "www.chesslib.no"]
[SourceDate "2004.05.04"]

1. e4 c5 2. Nf3 g6 3. d4 cxd4 4. Nxd4 Nc6 5. c4 Nf6 6. Nc3 d6 7. Nc2 Bg7 8. Be2 O-O 9. O-O Nd7 10. Bd2 a5 11. Qc1 Nc5 12. Bh6 Be6 13. Bxg7 Kxg7 14. Qd2 f6 15. Kh1 Bf7 16. Rab1 Qb6 17. f3 a4 18. b4 axb3 19. axb3 Rfc8 20. b4 Na4 21. Nd5 Qd8 22. f4 Nb6 23. Nde3 Ra2 24. Ra1 Rca8 25. Rxa2 Rxa2 26. Qc3 Qa8 27. h4 Na4 28. Qb3 Nb6 29. Qc3 1/2-1/2

[Event "URS-ch1L"]
[Site "Kischniev"]
[Date "1975.??.??"]
[Round "?"]
[White "Taimanov, Mark E"]
[Black "Tseshkovsky, Vitaly V"]
[Result "1/2-1/2"]
[WhiteElo "2580"]
[BlackElo "2555"]
[PlyCount "70"]
[EventDate "1975.10.??"]
[Source "www.chesslib.no"]
[SourceDate "2004.05.04"]

1. Nf3 g6 2. e4 c5 3. c4 Bg7 4. d4 cxd4 5. Nxd4 Nc6 6. Nc2 Nf6 7. Nc3 O-O 8. Be2 b6 9. O-O Bb7 10. Bg5 Rc8 11. b3 a6 12. Rc1 d6 13. Ne3 h6 14. Bh4 Ne5 15. Ned5 Nxd5 16. exd5 b5 17. f4 Nd7 18. Ne4 f5 19. Nd2 Nc5 20. Kh1 Qd7 21. Nf3 e5 22. dxe6 Nxe6 23. Qd2 bxc4 24. Bxc4 Kh7 25. Rfd1 d5 26. Bxd5 Bxd5 27. Qxd5 Qxd5 28. Rxd5 Nxf4 29. Rd7 Kg8 30. Rd6 g5 31. Bg3 Rf6 32. Bxf4 gxf4 33. Rd4 Rc2 34. Rxf4 Rxa2 35. Nh4 Rb2 1/2-1/2

[Event "ch-FRA"]
[Site "Val d'Isere"]
[Date "2004.08.25"]
[Round "10"]
[White "Fressinet, Laurent"]
[Black "Maze, Sebastien"]
[Result "1/2-1/2"]
[WhiteElo "2637"]
[BlackElo "2497"]
[PlyCount "61"]
[EventDate "2004.08.16"]
[Source "Roberto Alvarez"]
[SourceDate "2004.09.06"]

1. e4 c5 2. Nf3 Nc6 3. d4 cxd4 4. Nxd4 g6 5. c4 Nf6 6. Nc3 d6 7. Nc2 Bg7 8. Be2 Nd7 9. Bd2 O-O 10. O-O Nc5 11. b4 Ne6 12. Rc1 a5 13. a3 axb4 14. axb4 Ned4 15. Nxd4 Nxd4 16. Be3 Nxe2+ 17. Qxe2 Be6 18. Rfd1 Bxc3 19. Rxc3 Qc7 20. c5 Rfd8 21. Bf4 Qc8 22. h3 dxc5 23. Rxc5 Rxd1+ 24. Qxd1 Qd8 25. Qxd8+ Rxd8 26. e5 Kg7 27. Be3 Rd5 28. Rc1 h6 29. Bc5 Bd7 30. Ra1 f6 31. exf6+ 1/2-1/2

[Event "ch-SRB"]
[Site "Mataruska Banja SRB"]
[Date "2008.03.25"]
[Round "10"]
[White "Vuckovic, Bo"]
[Black "Kovacevic, A."]
[Result "1/2-1/2"]
[WhiteElo "2556"]
[BlackElo "2575"]
[PlyCount "135"]
[EventDate "2008.03.15"]
[Source "www.chesslib.no"]
[SourceDate "2004.05.04"]

1. e4 c5 2. Nf3 Nc6 3. d4 cxd4 4. Nxd4 g6 5. c4 Nf6 6. Nc3 d6 7. Nc2 Bg7 8. Be2 Nd7 9. Bd2 O-O 10. O-O Nc5 11. b4 Nd7 12. Rc1 b6 13. a3 Bb7 14. Ne3 Nd4 15. Re1 Nxe2+ 16. Qxe2 e6 17. Red1 Qe7 18. Nf1 Rfd8 19. Be3 Ne5 20. Bd4 Bh6 21. Be3 Bg7 22. Bd4 Rac8 23. Nb5 Bc6 24. a4 f6 25. f3 Be8 26. Nd2 Nc6 27. Bc3 a6 28. Na3 d5 29. exd5 exd5 30. Qxe7 Nxe7 31. b5 axb5 32. axb5 Nf5 33. Re1 Bh6 34. Rb1 Kf7 35. Bb4 Be3+ 36. Kh1 Bxd2 37. Bxd2 dxc4 38. Bb4 Rd3 39. g4 Ne3 40. Rbc1 Rc7 41. Kg1 c3 42. Kf2 Nd5 43. Bd6 Rd7 44. Bg3 Ra7 45. Nc4 Ra2+ 46. Re2 Nb4 47. Bd6 Rxe2+ 48. Kxe2 Bxb5 49. Bxb4 Bxc4 50. Kf2 b5 51. Rxc3 Rd2+ 52. Kg3 Rb2 53. Ba3 Rb1 54. Bc5 Ke6 55. Re3+ Kd5 56. Be7 f5 57. gxf5 gxf5 58. Kf4 b4 59. Re5+ Kd4 60. Bf6 Kd3 61. Re7 h5 62. Kxf5 b3 63. f4 b2 64. Rb7 Kc2 65. Rxb2+ Rxb2 66. Bxb2 Kxb2 67. Kg6 h4 68. h3 1/2-1/2

[Event "Sukhumi"]
[Site "Sukhumi GEO"]
[Date "1972.08.20"]
[Round "4"]
[White "Savon, Vladimir A"]
[Black "Gufeld, Eduard E"]
[Result "1/2-1/2"]
[WhiteElo "2595"]
[BlackElo "2525"]
[PlyCount "37"]
[EventDate "1972.08.16"]
[Source "www.chesslib.no"]
[SourceDate "2004.05.04"]

1. e4 c5 2. Nf3 Nc6 3. d4 cxd4 4. Nxd4 g6 5. c4 Nf6 6. Nc3 d6 7. Nc2 Bg7 8. Be2 O-O 9. O-O a6 10. Be3 Bd7 11. f3 Ne5 12. Qd2 Rc8 13. Na3 Be6 14. Nd5 Bxd5 15. cxd5 e6 16. dxe6 fxe6 17. Rac1 Rxc1 18. Rxc1 d5 19. Rd1 1/2-1/2

[Event "It"]
[Site "Lyon FRA"]
[Date "1992.??.??"]
[Round "?"]
[White "Illescas Cordoba, Miguel"]
[Black "Gulko, Boris F"]
[Result "1-0"]
[WhiteElo "2555"]
[BlackElo "2560"]
[PlyCount "131"]
[EventDate "1992.??.??"]
[Source "www.chesslib.no"]
[SourceDate "2004.05.04"]

1. e4 c5 2. Nf3 Nc6 3. d4 cxd4 4. Nxd4 g6 5. c4 Nf6 6. Nc3 d6 7. Nc2 Bg7 8. Be2 O-O 9. O-O Nd7 10. Bd2 Nc5 11. g3 a6 12. Be3 Rb8 13. Rb1 f5 14. exf5 Bxf5 15. Rc1 Qb6 16. Rb1 Qd8 17. Re1 Ne5 18. Qd2 Rc8 19. Rf1 Ncd3 20. b3 Nc5 21. Rbd1 b5 22. Nd4 bxc4 23. f4 Ned3 24. bxc4 Nb4 25. Bf3 Bd3 26. Nce2 e5 27. fxe5 dxe5 28. Nc6 Nxc6 29. Bxc5 Bxe2 30. Bd5+ Kh8 31. Bxf8 Bxf1 32. Bxg7+ Kxg7 33. Rxf1 Rc7 34. Qe3 Qe7 35. Rf7+ Qxf7 36. Bxf7 Rxf7 37. h3 Re7 38. Qc5 Re6 39. Qd5 Kf6 40. Qf3+ Ke7 41. Qe4 h5 42. Kf2 Nd4 43. Ke1 Kf6 44. Kd2 Nc6 45. Qf3+ Ke7 46. Qa3+ Rd6+ 47. Ke3 a5 48. Qb3 Nd4 49. Qb7+ Kf6 50. Qc7 Nf5+ 51. Ke2 h4 52. c5 Re6 53. Qxa5 e4 54. Qd8+ Ke5 55. Qc7+ Kd5 56. a4 Nd4+ 57. Ke3 Nf5+ 58. Kf4 Nd4 59. c6 Rf6+ 60. Ke3 Nf5+ 61. Kd2 Rxc6 62. Qb7 Nd4 63. a5 Ke5 64. a6 Rc2+ 65. Kd1 Rf2 66. a7 1-0

[Event "DON Open"]
[Site "Amsterdam DON open"]
[Date "1996.??.??"]
[Round "4"]
[White "Nijboer, Friso"]
[Black "Tiviakov, Sergei"]
[Result "1/2-1/2"]
[WhiteElo "2475"]
[BlackElo "2625"]
[PlyCount "92"]
[EventDate "1996.??.??"]
[Source "www.chesslib.no"]
[SourceDate "2004.05.04"]

1. e4 c5 2. Nf3 Nc6 3. d4 cxd4 4. Nxd4 g6 5. c4 Bg7 6. Nc2 d6 7. Be2 Nf6 8. Nc3 O-O 9. Be3 Nd7 10. Qd2 Nc5 11. b4 Bxc3 12. Qxc3 Nxe4 13. Qb2 f5 14. Bh6 Rf7 15. f3 e6 16. g3 Qf6 17. Qxf6 Nxf6 18. O-O-O d5 19. Rhe1 Bd7 20. Kb2 Ne5 21. Ne3 d4 22. Rxd4 Nc6 23. Rd6 Nxb4 24. Red1 Na6 25. Bg5 Ba4 26. Rd8+ Rxd8 27. Rxd8+ Kg7 28. Nd1 Rd7 29. Rxd7+ Nxd7 30. Nc3 Nac5 31. Nxa4 Nxa4+ 32. Kb3 Nac5+ 33. Kb4 Na6+ 34. Kc3 Kf7 35. f4 Nab8 36. Bf3 Nc6 37. Bxc6 bxc6 38. Kb4 Ke8 39. a4 Nb8 40. Bf6 Na6+ 41. Ka5 Nc5 42. Be5 Kd7 43. Bb8 Nb7+ 44. Ka6 Nc5+ 45. Ka5 Nb7+ 46. Ka6 Nc5+ 1/2-1/2

[Event "ESP-Tch  1a Div"]
[Site "Ciudad Real"]
[Date "2004.08.24"]
[Round "2"]
[White "Ubilava, Elizbar"]
[Black "Andersson, Ulf"]
[Result "1/2-1/2"]
[WhiteElo "2530"]
[BlackElo "2570"]
[PlyCount "83"]
[EventDate "2004.08.23"]
[Source "Roberto Alvarez"]
[SourceDate "2004.09.06"]

1. Nf3 c5 2. c4 g6 3. d4 cxd4 4. Nxd4 Nc6 5. Nc2 Bg7 6. Nc3 d6 7. e4 Nf6 8. Be2 O-O 9. O-O a6 10. f3 Rb8 11. Be3 Bd7 12. Qd2 Qa5 13. Rab1 Rfc8 14. Rfd1 Qd8 15. a4 Be6 16. b3 Nd7 17. Nd5 Nc5 18. Nd4 Bxd5 19. exd5 Nxd4 20. Bxd4 Bxd4+ 21. Qxd4 a5 22. f4 Qf8 23. Bf3 Re8 24. Re1 Qg7 25. Qd2 b6 26. Re3 Qf6 27. g3 Rbd8 28. Rbe1 Kg7 29. Kg2 e6 30. dxe6 Rxe6 31. Bd5 Rxe3 32. Qxe3 h5 33. Re2 Rh8 34. h3 Rf8 35. Rf2 Rd8 36. Re2 Rf8 37. h4 Rd8 38. Kh2 Rf8 39. Bg2 Rd8 40. Rf2 Qe6 41. Qc3+ Qf6 42. Qe3 1/2-1/2

[Event "Ch (Men) Krakow POL"]
[Site "?"]
[Date "2006.02.25"]
[Round "1"]
[White "Kempinski Robert"]
[Black "Grabarczyk Miroslaw"]
[Result "1/2-1/2"]
[WhiteElo "2619"]
[BlackElo "2479"]
[PlyCount "35"]
[EventDate "2006.??.??"]
[Source "www.chesslib.no"]
[SourceDate "2004.05.04"]

1. c4 c5 2. Nf3 g6 3. d4 cxd4 4. Nxd4 Bg7 5. e4 Nc6 6. Nc2 d6 7. Be2 Qb6 8. Nd2 Nf6 9. O-O O-O 10. Kh1 Bd7 11. f3 Nd4 12. Nxd4 Qxd4 13. Qc2 Rfc8 14. Nb3 Qb6 15. Bg5 a5 16. Qd2 Ba4 17. Be3 Qb4 18. Qxb4 1/2-1/2

[Event "NED Ch"]
[Site "NED"]
[Date "1993.??.??"]
[Round "?"]
[White "Nijboer, Friso"]
[Black "Piket, Jeroen"]
[Result "1/2-1/2"]
[WhiteElo "2505"]
[BlackElo "2590"]
[PlyCount "113"]
[EventDate "1993.06.??"]
[Source "www.chesslib.no"]
[SourceDate "2004.05.04"]

1. e4 c5 2. Nf3 Nc6 3. d4 cxd4 4. Nxd4 g6 5. c4 Bg7 6. Nc2 Nf6 7. Nc3 O-O 8. Be2 d6 9. Be3 Be6 10. O-O Nd7 11. Qd2 Rc8 12. Bh6 Bxh6 13. Qxh6 Qb6 14. b3 Nd4 15. Nxd4 Qxd4 16. Rac1 a5 17. Rfd1 Qg7 18. Qd2 Nc5 19. Nd5 Bxd5 20. exd5 b6 21. f4 Qf6 22. g3 Rc7 23. Re1 Rfc8 24. Bf1 Kg7 25. Rc3 b5 26. g4 b4 27. Rg3 Kh8 28. g5 Qg7 29. Bh3 Rf8 30. f5 gxf5 31. Bxf5 e6 32. dxe6 fxe6 33. Bxe6 Nxe6 34. Rxe6 d5 35. Rf6 Rxf6 36. gxf6 Qxf6 37. Qxd5 Rf7 38. Qd1 h6 39. Kg2 Rg7 40. Rxg7 Qxg7+ 41. Kf2 Qe5 42. Qd8+ Kg7 43. Qd7+ Kh8 44. Qc8+ Kh7 45. Qb7+ Kh8 46. Qa8+ Kh7 47. Qg2 h5 48. Kf3 Qc3+ 49. Kf4 Qf6+ 50. Kg3 Qe5+ 51. Kh4 Kh6 52. Qc6+ Kh7 53. Qd7+ Kh6 54. Qd2+ Kg6 55. Qd3+ Kh6 56. Qd2+ Kg6 57. Qd3+ 1/2-1/2

[Event "Vilnius"]
[Site "?"]
[Date "1975.??.??"]
[Round "3"]
[White "Tseshkovsky Vitaly"]
[Black "Gufeld Eduard"]
[Result "0-1"]
[WhiteElo "2555"]
[BlackElo "2535"]
[PlyCount "80"]
[EventDate "1975.??.??"]
[Source "www.chesslib.no"]
[SourceDate "2004.05.04"]

1. e4 c5 2. Nf3 Nc6 3. d4 cxd4 4. Nxd4 g6 5. c4 Nf6 6. Nc3 Bg7 7. Nc2 O-O 8. Be2 b6 9. O-O Bb7 10. Rb1 Ne8 11. Qd2 Nd6 12. f3 f5 13. Nb5 fxe4 14. Nxd6 exd6 15. Qxd6 Ne5 16. f4 Nd3 17. Bxd3 exd3 18. Qxd3 Re8 19. Bd2 Be4 20. Qb3 Qh4 21. Rbe1 Qg4 22. c5+ Kh8 23. Ne3 Qe6 24. cxb6 d5 25. b7 Rab8 26. f5 Qa6 27. f6 Bxf6 28. Nxd5 Bd4+ 29. Be3 Be5 30. Bf4 Bd4+ 31. Be3 Be5 32. Nc7 Bxc7 33. Bd4+ Be5 34. Bxe5+ Rxe5 35. Rf8+ Rxf8 36. b8=Q Qf6 37. Qxa7 Bd3 38. Qd1 Rxe1+ 39. Qxe1 Qf1+ 40. Qxf1 Rxf1# 0-1

[Event "Cappelle La Grande"]
[Site "?"]
[Date "1992.??.??"]
[Round "6"]
[White "Geller, Efim P"]
[Black "Pigusov, Evgeny A"]
[Result "1/2-1/2"]
[WhiteElo "2535"]
[BlackElo "2550"]
[PlyCount "56"]
[EventDate "1992.??.??"]
[Source "www.chesslib.no"]
[SourceDate "2004.05.04"]

1. e4 c5 2. Nf3 Nc6 3. d4 cxd4 4. Nxd4 g6 5. c4 Nf6 6. Nc3 d6 7. Nc2 Bg7 8. Be2 Nd7 9. Bd2 O-O 10. O-O Nc5 11. b4 Ne6 12. Rc1 a5 13. a3 axb4 14. axb4 Ncd4 15. Nxd4 Nxd4 16. Be3 e5 17. Nb5 Nxb5 18. cxb5 Be6 19. b6 f5 20. f3 Ra3 21. Qd2 Ra2 22. Rc2 Rxc2 23. Qxc2 Qd7 24. Rc1 f4 25. Bf2 Rc8 26. Qxc8+ Qxc8 27. Rxc8+ Bxc8 28. Bh4 Kf7 1/2-1/2

[Event "35th World Open"]
[Site "King of Prussia USA"]
[Date "2007.06.03"]
[Round "7"]
[White "Sandipan, C."]
[Black "Perelshteyn, E."]
[Result "1-0"]
[WhiteElo "2552"]
[BlackElo "2531"]
[PlyCount "87"]
[EventDate "2007.06.30"]
[Source "www.chesslib.no"]
[SourceDate "2004.05.04"]

1. e4 c5 2. Nf3 g6 3. d4 cxd4 4. Nxd4 Nc6 5. c4 Nf6 6. Nc3 d6 7. Nc2 Bg7 8. Be2 O-O 9. O-O Nd7 10. Bd2 Nc5 11. b4 Ne6 12. Rb1 a5 13. b5 Ne5 14. f4 Nd7 15. Be1 b6 16. Nd5 Bb7 17. Bh4 Nf6 18. Bf3 Nc5 19. Nd4 Rc8 20. Nc6 Bxc6 21. bxc6 Rxc6 22. Nxf6+ exf6 23. e5 Rc7 24. Qxd6 Rd7 25. Qc6 g5 26. fxg5 fxg5 27. Bg3 Nd3 28. Qxb6 Nxe5 29. Bxe5 Qxb6+ 30. Rxb6 Bxe5 31. Rb5 Bd4+ 32. Kh1 Bc3 33. Rxg5+ Kh8 34. c5 f6 35. Rg4 Rd4 36. c6 Rxg4 37. Bxg4 Be5 38. Re1 Rf7 39. Bd7 Bd6 40. Re6 Bc7 41. Re8+ Kg7 42. Be6 Rf8 43. Re7+ Kh6 44. h4 1-0

[Event "FRA-ch"]
[Site "Aix les Bains"]
[Date "2003.08.22"]
[Round "5"]
[White "Fontaine, Robert"]
[Black "Degraeve, Jean Marc"]
[Result "1/2-1/2"]
[WhiteElo "2541"]
[BlackElo "2541"]
[PlyCount "66"]
[EventDate "2003.08.18"]
[Source "ChessBase"]
[SourceDate "2003.11.11"]

1. e4 c5 2. Nf3 Nc6 3. d4 cxd4 4. Nxd4 g6 5. c4 Nf6 6. Nc3 d6 7. Nc2 Bg7 8. Be2 Nd7 9. Bd2 Nc5 10. O-O O-O 11. b4 Ne6 12. Rb1 Ned4 13. Nxd4 Nxd4 14. Bd3 a5 15. bxa5 Rxa5 16. a4 e6 17. Nb5 Ra6 18. Bb4 Bd7 19. c5 Nc6 20. Nxd6 Nxb4 21. Rxb4 Ra7 22. Bb5 Bc6 23. Bxc6 bxc6 24. Qc2 Be5 25. Rd1 Qa5 26. Rdb1 Qd8 27. g3 Bxd6 28. Rd4 Qf6 29. Rxd6 Rfa8 30. Rxc6 Rxa4 31. Rcb6 Qd4 32. Rd1 Ra2 33. Rxd4 Rxc2 1/2-1/2

[Event "RUS-ch 54th"]
[Site "Elista"]
[Date "2001.05.04"]
[Round "5"]
[White "Arbakov, Valentin"]
[Black "Pigusov, Evgeny"]
[Result "0-1"]
[WhiteElo "2491"]
[BlackElo "2584"]
[PlyCount "132"]
[EventDate "2001.04.29"]
[Source "ChessBase"]
[SourceDate "2001.07.05"]

1. Nf3 c5 2. c4 g6 3. d4 cxd4 4. Nxd4 Nc6 5. e4 Nf6 6. Nc3 d6 7. Nc2 Bg7 8. Be2 Nd7 9. Bd2 O-O 10. O-O Nc5 11. f3 a5 12. Be3 a4 13. Qd2 Qa5 14. Rab1 Be6 15. Nd4 Rfc8 16. Nxe6 Nxe6 17. Rfc1 Bd4 18. Kh1 Bxe3 19. Qxe3 Qc5 20. Qd2 a3 21. b3 Qd4 22. Qe1 Nb4 23. Nb5 Qc5 24. Qd2 Nd8 25. Rf1 Ndc6 26. Rbc1 Na7 27. Nc3 Nac6 28. Rfd1 Qa5 29. f4 Rd8 30. Rf1 Qc5 31. Rcd1 Kg7 32. Nd5 Rac8 33. Bg4 Rb8 34. h4 b5 35. f5 Nxd5 36. cxd5 Ne5 37. Rc1 Qa7 38. Bh3 f6 39. Rc2 b4 40. Rfc1 Rb7 41. fxg6 hxg6 42. Bc8 Rh8 43. g3 Nf3 44. Qf4 Nd4 45. Bxb7 Nxc2 46. Rxc2 Qxb7 47. Qg4 Rh5 48. Kh2 Qa7 49. Qe2 Qd4 50. Rc4 Qb2 51. Rc2 Qe5 52. Kg2 g5 53. Qg4 Rh8 54. h5 Rxh5 55. Qe6 Qxe6 56. dxe6 g4 57. Rc7 Re5 58. Rxe7+ Kg6 59. Kf2 Rxe4 60. Rb7 d5 61. e7 Kf7 62. Kf1 f5 63. Kf2 d4 64. Rxb4 d3 65. Rb5 Re2+ 66. Kf1 Rxa2 0-1

[Event "Villa_Gesell"]
[Site "?"]
[Date "1996.??.??"]
[Round "?"]
[White "Milos, Gilberto"]
[Black "Spangenberg, Hugo"]
[Result "1-0"]
[WhiteElo "2565"]
[BlackElo "2505"]
[PlyCount "174"]
[EventDate "1996.??.??"]
[Source "ChessBase"]
[SourceDate "1996.02.01"]

1. e4 c5 2. Nf3 Nc6 3. d4 cxd4 4. Nxd4 g6 5. c4 Nf6 6. Nc3 d6 7. Nc2 Bg7 8. Be2 O-O 9. O-O Nd7 10. Bd2 Nc5 11. b4 Ne6 12. Rb1 a5 13. b5 Ncd4 14. Nxd4 Nxd4 15. b6 e6 16. Be3 Nxe2+ 17. Nxe2 Bd7 18. Qd3 Bc6 19. Rfd1 Qh4 20. f3 Rfd8 21. Bf2 Qg5 22. Nd4 Ba4 23. Rd2 d5 24. exd5 exd5 25. c5 Rac8 26. Nb5 Bxb5 27. Rxb5 d4 28. c6 Qf6 29. c7 Rd6 30. Qe4 Rxb6 31. Bxd4 Qc6 32. Qxc6 Rxc6 33. Bb6 R6xc7 34. Bxc7 Rxc7 35. Rxa5 Bc3 36. Rd8+ Kg7 37. Rad5 b6 38. R8d7 Rc4 39. Rb7 Bd4+ 40. Kf1 Bc5 41. Rdd7 Rf4 42. h4 h5 43. Ke2 Rf6 44. g3 Kf8 45. a4 Kg7 46. f4 Bb4 47. Rbc7 Re6+ 48. Kf3 Rf6 49. Rd5 Be1 50. Re7 Bb4 51. Re4 Ba5 52. Ke2 Rc6 53. Rd7 Rc2+ 54. Ke3 Rc3+ 55. Kd4 Rc6 56. Ree7 Rf6 57. Kc4 Rc6+ 58. Kb5 Rf6 59. Re4 Rf5+ 60. Ka6 Rc5 61. Ree7 Rf5 62. Re5 Rf6 63. Rxa5 bxa5+ 64. Kxa5 Rc6 65. Rd3 Rc1 66. Kb4 Kf6 67. a5 Kf5 68. a6 Kg4 69. a7 Rc8 70. Kb5 Re8 71. Ra3 Kh3 72. Kc6 Kg4 73. Rb3 Re6+ 74. Kb5 Re8 75. Ka6 Re6+ 76. Kb5 Re8 77. Ra3 Kh3 78. Kc4 Rd8 79. a8=Q Rxa8 80. Rxa8 Kxg3 81. Rf8 Kxf4 82. Rxf7+ Kg4 83. Rg7 Kxh4 84. Rxg6 Kh3 85. Kd3 h4 86. Ke3 Kh2 87. Kf2 h3 1-0